00433nam a2200181Ia 4500003000500000008004100005020001800046040001900064082000700083100001500090245005200105250000600157260003900163300001000202365000800212546001200220700001900232STCL230726s9999 xx 000 0 und d a9789380156606 aSTCLcSTCLbEN 222 aGupta, N K 0aFinancial markets and institutions and services a2 bAne Books Pvt LtdaNew Delhic2021 a411 p b595 aEnglish aChopra, Monika